[Event "Mistrzostwa Polski Juniorek Młodszych "]
[Site "Suwałki, Poland"]
[Date "2025.04.24"]
[Round "1.1"]
[White "Kaminska, Zuzanna"]
[Black "Sokola, Julia"]
[Result "1-0"]
[WhiteElo "1899"]
[BlackElo "1525"]
[PlyCount "67"]
[EventDate "2025.??.??"]

1. e4 c5 2. Nf3 d6 3. d4 cxd4 4. Qxd4 Nc6 5. Bb5 Bd7 6. Bxc6 Bxc6 7. Nc3 Nf6 8. Bg5 e6 9. O-O-O Be7 10. Rhe1 O-O 11. Kb1 Qc7 12. Qd2 a5 13. Nd4 Bd7 14. f4 e5 15. Bxf6 Bxf6 16. Nd5 Qd8 17. Nf5 Bc6 18. Qf2 b5 19. fxe5 Bxd5 20. exf6 Be6 21. fxg7 Re8 22. Nxd6 Re7 23. Nxf7 Qc7 24. Nh6+ Kxg7 25. Qd4+ Kxh6 26. Qf6+ Kh5 27. g4+ Bxg4 28. Rd5+ Re5 29. Rxe5+ Qxe5 30. Qxe5+ Kg6 31. Rg1 Kh6 32. Rxg4 Rg8 33. Rxg8 a4 34. Qg5# 1-0

[Event "Mistrzostwa Polski Juniorek Młodszych "]
[Site "Suwałki, Poland"]
[Date "2025.04.24"]
[Round "1.2"]
[White "Dabrowska, Eliza"]
[Black "Rzadkowska, Lila"]
[Result "0-1"]
[WhiteElo "1522"]
[BlackElo "1896"]
[PlyCount "106"]
[EventDate "2025.??.??"]

1. d4 d5 2. c4 e6 3. Nc3 Nf6 4. cxd5 exd5 5. Bg5 Bb4 6. a3 Bxc3+ 7. bxc3 h6 8. Bh4 g5 9. Bg3 Ne4 10. f3 Nxg3 11. hxg3 Qd6 12. Kf2 Nc6 13. e3 Bf5 14. Bd3 Bxd3 15. Qxd3 O-O-O 16. Qf5+ Rd7 17. Ne2 Re8 18. Nc1 Kb8 19. Nd3 Rde7 20. Rhe1 f6 21. Nc5 b6 22. Na6+ Ka8 23. Nb4 Rd7 24. Qg6 Rh8 25. Rh1 Rdh7 26. Rh5 Ne7 27. Qd3 f5 28. f4 gxf4 29. exf4 Rg7 30. Rah1 Qg6 31. Qf3 c6 32. Nd3 Ng8 33. Ne5 Qe6 34. Re1 Nf6 35. Kg1 Ne4 36. Rh3 Rhg8 37. Nd3 Qf6 38. Re3 Rxg3 39. Rxg3 Rxg3 40. Qe2 Rg8 41. Nf2 Qg6 42. Nxe4 fxe4 43. c4 Qf6 44. cxd5 cxd5 45. Qb5 Rd8 46. Qa4 Rc8 47. g3 h5 48. Qd7 Rc1+ 49. Kg2 Qxd4 50. Qd8+ Kb7 51. Re2 Qd1 52. Rb2 Qf1+ 53. Kh2 Qh1# 0-1

[Event "Mistrzostwa Polski Juniorek Młodszych "]
[Site "Suwałki, Poland"]
[Date "2025.04.24"]
[Round "1.3"]
[White "Nguyen, Doan Bao Anh Angeli"]
[Black "Jankiewicz, Lucja"]
[Result "1-0"]
[WhiteElo "1880"]
[BlackElo "1513"]
[PlyCount "93"]
[EventDate "2025.??.??"]

1. e4 e5 2. Nf3 Nc6 3. d4 exd4 4. Bc4 Nf6 5. e5 d5 6. Bb5 Ne4 7. Nxd4 Bd7 8. Bxc6 bxc6 9. O-O Bc5 10. f3 Ng5 11. f4 Ne4 12. Be3 O-O 13. Nd2 Nxd2 14. Qxd2 Qe7 15. Nb3 Bb6 16. Qc3 f6 17. Bc5 Bxc5+ 18. Nxc5 fxe5 19. fxe5 Rab8 20. Rae1 Rb5 21. Rxf8+ Kxf8 22. Rf1+ Kg8 23. b4 Be6 24. Qf3 Bf7 25. e6 Be8 26. a3 a5 27. Qf4 h6 28. h3 axb4 29. axb4 Bg6 30. Qg4 Be8 31. c3 Qd6 32. Qf5 Qe7 33. Rf4 g6 34. Qg4 g5 35. Rf2 Bg6 36. Qd4 Qg7 37. Rf6 Rb8 38. e7 Bf7 39. Nd7 Re8 40. Qe3 Kh8 41. Rxc6 Bg6 42. Ne5 Be4 43. Rxh6+ Kg8 44. Rh5 Qxe7 45. Rxg5+ Kh7 46. Qg3 Qf6 47. Rh5+ 1-0

[Event "Mistrzostwa Polski Juniorek Młodszych "]
[Site "Suwałki, Poland"]
[Date "2025.04.24"]
[Round "1.4"]
[White "Samol, Zofia"]
[Black "Gruszecka, Alicja"]
[Result "0-1"]
[WhiteElo "1512"]
[BlackElo "1780"]
[PlyCount "86"]
[EventDate "2025.??.??"]

1. e4 e5 2. Nf3 Nc6 3. Bc4 Nf6 4. d3 Be7 5. O-O O-O 6. c3 d5 7. exd5 Nxd5 8. Be3 Bg4 9. Nbd2 Re8 10. h3 Bh5 11. Rc1 a6 12. b4 Nxe3 13. fxe3 b5 14. Bb3 Qxd3 15. e4 Rad8 16. Bd5 Qe3+ 17. Kh1 Qb6 18. Qe1 Bf6 19. Qg3 Ne7 20. Bb3 Ng6 21. Rce1 Nf4 22. Nb1 c5 23. bxc5 Qxc5 24. Nd4 Bg6 25. Nf5 Rd3 26. Qf2 Qxf2 27. Rxf2 Bxf5 28. exf5 Bh4 29. Rxf4 Bxe1 30. Rg4 Bxc3 31. f6 g6 32. h4 Rd4 33. Rg5 Rxh4+ 34. Kg1 Bd4+ 35. Kf1 Rh1+ 36. Ke2 Rxb1 37. Rg3 Rb2+ 38. Kd3 Rf2 39. Bd5 Rxf6 40. Bb7 Ba7 41. Ke4 Rd6 42. Bd5 Kg7 43. Rf3 f5+ 0-1

[Event "Mistrzostwa Polski Juniorek Młodszych "]
[Site "Suwałki, Poland"]
[Date "2025.04.24"]
[Round "1.5"]
[White "Slusarczyk, Agnieszka"]
[Black "Czekaj, Aleksandra"]
[Result "1-0"]
[WhiteElo "1730"]
[BlackElo "1507"]
[PlyCount "111"]
[EventDate "2025.??.??"]

1. d4 d5 2. c4 e6 3. Nc3 Nf6 4. cxd5 exd5 5. Bg5 Bb4 6. e3 O-O 7. Bd3 Be6 8. Qc2 h6 9. Bh4 a6 10. Nge2 Nc6 11. O-O Re8 12. f3 Be7 13. a3 Qd7 14. Rac1 Na7 15. e4 dxe4 16. Nxe4 Nd5 17. Bf2 c6 18. Qd2 Bf5 19. N4c3 Bxd3 20. Qxd3 Bf6 21. Nxd5 Qxd5 22. Nc3 Qd7 23. Ne4 Be7 24. Rfd1 Rad8 25. Qb3 Nb5 26. a4 Nd6 27. Nc5 Qc8 28. Be1 Rf8 29. Ba5 Rde8 30. d5 Bd8 31. Bb4 Be7 32. Bd2 Nf5 33. Nxb7 Qb8 34. dxc6 Qa7+ 35. Kh1 Rc8 36. Qd3 g6 37. Qe4 Rfe8 38. Qg4 h5 39. Qc4 Nd4 40. Be3 Bf6 41. Bxd4 Bxd4 42. Rxd4 Re7 43. Rd8+ Rxd8 44. Nxd8 Qe3 45. h3 Rc7 46. Qc5 Qe8 47. Qd6 Rc8 48. c7 Qxa4 49. Re1 Qb5 50. Nc6 Kh7 51. Qd7 Qb7 52. Qxf7+ Kh6 53. Qf4+ Kh7 54. Re7+ Kg8 55. Qf7+ Kh8 56. Qg7# 1-0

[Event "Mistrzostwa Polski Juniorek Młodszych "]
[Site "Suwałki, Poland"]
[Date "2025.04.24"]
[Round "1.6"]
[White "Junak, Aleksandra"]
[Black "Saliuk, Maryia"]
[Result "0-1"]
[WhiteElo "1507"]
[BlackElo "1633"]
[PlyCount "112"]
[EventDate "2025.??.??"]

1. e4 e5 2. Nf3 Qe7 3. Nc3 c6 4. d4 d6 5. Bc4 h6 6. a4 Nf6 7. Be3 Qc7 8. O-O Bg4 9. h3 Bh5 10. Bb3 g5 11. g4 Bg6 12. Nd2 Be7 13. Kg2 Nbd7 14. f3 Nf8 15. Rh1 Ne6 16. Ne2 Nf4+ 17. Nxf4 gxf4 18. Bf2 O-O-O 19. c4 h5 20. d5 c5 21. Qc2 Qd7 22. Qd1 Rdg8 23. Bc2 hxg4 24. hxg4 Bh5 25. Kf1 Nxg4 26. Ke2 Ne3 27. Bxe3 fxe3 28. Kxe3 Bg5+ 29. Kd3 Bf4 30. Qe2 f5 31. Rag1 Rf8 32. Kc3 fxe4 33. Bxe4 Qxa4 34. b3 Qb4+ 35. Kc2 a5 36. Ra1 Qb6 37. Qd3 Qc7 38. Raf1 Be8 39. Rh7 Rxh7 40. Bxh7 a4 41. Ra1 Qa5 42. bxa4 Bxa4+ 43. Kc1 Rf7 44. Bf5+ Kc7 45. Kb2 Bxd2 46. Be6 Qb4+ 47. Ka2 Rg7 48. Rb1 Qa5 49. Kb2 Bf4 50. Qe2 Bd2 51. Qd3 Bd1 52. Rxd1 Rg2 53. Kb1 Qb4+ 54. Ka1 Bc3+ 55. Qxc3 Qxc3+ 56. Kb1 Qb2# 0-1

[Event "Mistrzostwa Polski Juniorek Młodszych "]
[Site "Suwałki, Poland"]
[Date "2025.04.24"]
[Round "1.7"]
[White "Milek, Maja"]
[Black "Andrzejewska, Anna"]
[Result "1-0"]
[WhiteElo "1622"]
[BlackElo "1505"]
[PlyCount "73"]
[EventDate "2025.??.??"]

1. e4 c5 2. Nc3 Nc6 3. g3 g6 4. Bg2 Bg7 5. d3 d6 6. Nge2 Nf6 7. O-O O-O 8. Be3 Bd7 9. f4 Qc8 10. Qe1 Bh3 11. Qf2 Nb4 12. Rac1 Bxg2 13. Qxg2 Ng4 14. Bd2 Nc6 15. h3 Nf6 16. g4 Qd7 17. f5 Rad8 18. Nf4 Nd4 19. Ncd5 Nxd5 20. Nxd5 Nc6 21. f6 exf6 22. Nxf6+ Bxf6 23. Rxf6 Qe7 24. Rcf1 Kg7 25. Bc3 Kg8 26. h4 Ne5 27. h5 b5 28. Bd2 Kg7 29. Qh3 Qd7 30. R6f4 Rde8 31. hxg6 hxg6 32. Qh4 Qe6 33. Bc3 Rh8 34. Rxf7+ Kg8 35. Rf8+ Rxf8 36. Rxf8+ Kxf8 37. Qxh8+ 1-0

[Event "Mistrzostwa Polski Juniorek Młodszych "]
[Site "Suwałki, Poland"]
[Date "2025.04.24"]
[Round "1.8"]
[White "Gawerska, Karolina"]
[Black "Wrzesinska, Amelia"]
[Result "1/2-1/2"]
[WhiteElo "1504"]
[BlackElo "1619"]
[PlyCount "132"]
[EventDate "2025.??.??"]

1. d4 Nf6 2. Nf3 g6 3. g3 Bg7 4. Bg2 O-O 5. O-O d6 6. c4 Nbd7 7. Qc2 e5 8. Nc3 Re8 9. dxe5 dxe5 10. Nd2 c6 11. Nde4 Qe7 12. Rd1 Nc5 13. Nxf6+ Bxf6 14. b4 Ne6 15. c5 e4 16. e3 Ng5 17. Bb2 Qe5 18. Qe2 Qf5 19. Na4 Bxb2 20. Nxb2 Nf3+ 21. Bxf3 exf3 22. Qd3 Qh3 23. Qf1 Qf5 24. Qd3 Qh3 25. Qf1 Qg4 26. Rd4 Qh3 27. Qxh3 Bxh3 28. Rad1 Kg7 29. Nd3 Be6 30. a3 Rad8 31. Nf4 Rxd4 32. Nxe6+ Rxe6 33. Rxd4 b6 34. Rd7 bxc5 35. bxc5 Re5 36. Rxa7 Rxc5 37. h4 Rc1+ 38. Kh2 Rc2 39. Kg1 Rc1+ 40. Kh2 Rc2 41. Kg1 Ra2 42. g4 c5 43. Rc7 Rxa3 44. Rxc5 Ra4 45. h5 Rxg4+ 46. Kf1 Rh4 47. Kg1 Rg4+ 48. Kf1 Rh4 49. Kg1 gxh5 50. Rf5 Kg6 51. Rxf3 Rg4+ 52. Kh2 f5 53. Rg3 Kf6 54. f3 Rh4+ 55. Kg2 Ra4 56. f4 Ra2+ 57. Kh3 Ra1 58. Kg2 Ra2+ 59. Kh3 h4 60. Rf3 Ke6 61. Kxh4 Kd5 62. Kg5 Ke4 63. Rh3 Ra7 64. Kh4 h5 65. Kg5 Ra3 66. Rxh5 Rxe3 1/2-1/2

[Event "Mistrzostwa Polski Juniorek Młodszych "]
[Site "Suwałki, Poland"]
[Date "2025.04.24"]
[Round "1.9"]
[White "Goralik, Zuzanna"]
[Black "Kolosza, Luiza"]
[Result "1-0"]
[WhiteElo "1615"]
[BlackElo "1502"]
[PlyCount "99"]
[EventDate "2025.??.??"]

1. e4 c6 2. d4 d5 3. exd5 cxd5 4. Bd3 Nc6 5. c3 e5 6. dxe5 Nxe5 7. Bb5+ Bd7 8. Qxd5 Bxb5 9. Qxb5+ Nc6 10. Qxb7 Qe7+ 11. Qxe7+ Bxe7 12. Nf3 Rb8 13. Nbd2 Nf6 14. Nc4 O-O 15. O-O h6 16. Bf4 Rbc8 17. Nce5 Nxe5 18. Bxe5 Rfe8 19. Rad1 Rcd8 20. Rxd8 Rxd8 21. Nd4 Ng4 22. Bc7 Rd7 23. Bf4 Bc5 24. h3 Nf6 25. Nb3 Bb6 26. Be5 Ne4 27. Bd4 Bxd4 28. Nxd4 Rb7 29. Re1 Nf6 30. b3 Nd5 31. c4 Nf6 32. Nf5 Rd7 33. Re7 Rd1+ 34. Kh2 Rd2 35. Rxa7 Rxf2 36. Nd6 Nh5 37. Kg1 Re2 38. Rxf7 Rxa2 39. Rf2 Ra1+ 40. Kh2 Rb1 41. Rf3 Kh7 42. Rc3 Nf4 43. c5 Rb2 44. c6 Rxg2+ 45. Kh1 Rd2 46. c7 Rd1+ 47. Kh2 Rd2+ 48. Kg1 Ne2+ 49. Kf1 Nxc3 50. c8=Q 1-0

[Event "Mistrzostwa Polski Juniorek Młodszych "]
[Site "Suwałki, Poland"]
[Date "2025.04.24"]
[Round "1.10"]
[White "Przygodzka, Emilia"]
[Black "Halibozek, Zofia"]
[Result "1/2-1/2"]
[WhiteElo "1489"]
[BlackElo "1608"]
[PlyCount "131"]
[EventDate "2025.??.??"]

1. e4 d5 2. exd5 Qxd5 3. d4 Nf6 4. Nc3 Qa5 5. Nf3 Bg4 6. Be2 Nc6 7. d5 O-O-O 8. Bd2 Nxd5 9. Nb5 Qb6 10. c4 Nf4 11. O-O Nxe2+ 12. Qxe2 Bxf3 13. gxf3 a6 14. Be3 Qa5 15. a4 e6 16. Rfd1 Be7 17. c5 Rxd1+ 18. Qxd1 Rd8 19. Qf1 Qb4 20. Nc3 Bxc5 21. Bc1 Qh4 22. a5 Nd4 23. Qg2 Bd6 24. Bg5 Qxh2+ 25. Qxh2 Bxh2+ 26. Kg2 f6 27. Bxf6 gxf6 28. Kxh2 Nxf3+ 29. Kg3 Ne5 30. Ne4 Rd3+ 31. Kg2 Ng4 32. Rh1 h6 33. f3 Rd4 34. Nc5 Ne3+ 35. Kf2 Nf5 36. Rg1 e5 37. Rg6 Rd6 38. Ne4 Rc6 39. Nxf6 b6 40. b4 Kb7 41. Ke2 Nd4+ 42. Kf2 Nc2 43. axb6 Kxb6 44. Nd7+ Kb5 45. Rg4 Nxb4 46. Nxe5 Rf6 47. Rh4 a5 48. Rh5 Ka4 49. Ng4 Nd3+ 50. Ke3 Rd6 51. Nxh6 Ne1 52. Ke2 Ng2 53. Kf2 Rd2+ 54. Kg3 Ne1 55. Rc5 Rd3 56. Rf5 Rxf3+ 57. Rxf3 Nxf3 58. Kxf3 c5 59. Ke4 Kb3 60. Nf5 a4 61. Ng3 a3 62. Ne2 Kc2 63. Kd5 a2 64. Kxc5 a1=Q 65. Nd4+ Qxd4+ 66. Kxd4 1/2-1/2

[Event "Mistrzostwa Polski Juniorek Młodszych "]
[Site "Suwałki, Poland"]
[Date "2025.04.24"]
[Round "1.11"]
[White "Biala, Julia"]
[Black "Bisek, Marlena"]
[Result "1-0"]
[WhiteElo "1604"]
[BlackElo "1483"]
[PlyCount "39"]
[EventDate "2025.??.??"]

1. d4 d5 2. Nf3 e6 3. Bf4 Nf6 4. e3 Nc6 5. c4 Bb4+ 6. Nbd2 dxc4 7. Bxc4 O-O 8. O-O Re8 9. a3 Bd6 10. Ne5 Nd5 11. Bb5 Bd7 12. Bxc6 Bxc6 13. Bg3 Bb5 14. Re1 f6 15. Nef3 Kh8 16. e4 Nb6 17. e5 fxe5 18. Nxe5 Qe7 19. Qh5 Rf8 20. Ng6+ 1-0

[Event "Mistrzostwa Polski Juniorek Młodszych "]
[Site "Suwałki, Poland"]
[Date "2025.04.24"]
[Round "1.12"]
[White "Wawrzyniak, Weronika"]
[Black "Tempich, Wiktoria"]
[Result "1/2-1/2"]
[WhiteElo "1479"]
[BlackElo "1589"]
[PlyCount "92"]
[EventDate "2025.??.??"]

1. e4 e5 2. Bc4 Nc6 3. Nf3 Bc5 4. d3 h6 5. O-O Nf6 6. Nbd2 O-O 7. c3 a6 8. b4 Ba7 9. a4 d6 10. h3 Ne7 11. Re1 Ng6 12. d4 c6 13. b5 axb5 14. axb5 Bd7 15. bxc6 bxc6 16. Ba3 Qe7 17. Nb3 Be6 18. Bxe6 Qxe6 19. dxe5 Nh7 20. exd6 Rfd8 21. e5 Nhf8 22. Qc2 Nd7 23. Nbd4 Bxd4 24. Nxd4 Qd5 25. e6 c5 26. exd7 cxd4 27. Re8+ Rxe8 28. dxe8=Q+ Rxe8 29. cxd4 Qxd4 30. Rd1 Qb6 31. d7 Rd8 32. Qc3 Nf4 33. Qe3 Qxe3 34. fxe3 Ng6 35. Rd5 Nf8 36. e4 Rxd7 37. Bxf8 Rxd5 38. exd5 Kxf8 39. Kf2 Ke7 40. Ke3 Kd6 41. Ke4 g6 42. g4 f5+ 43. gxf5 gxf5+ 44. Kxf5 Kxd5 45. h4 h5 46. Kf6 Kd6 1/2-1/2

[Event "Mistrzostwa Polski Juniorek Młodszych "]
[Site "Suwałki, Poland"]
[Date "2025.04.24"]
[Round "1.13"]
[White "Trzcinska, Weronika"]
[Black "Gorecka, Laura"]
[Result "1-0"]
[WhiteElo "1587"]
[BlackElo "1473"]
[PlyCount "105"]
[EventDate "2025.??.??"]

1. e4 e5 2. Nf3 Nc6 3. Nc3 Nf6 4. Bc4 Nxe4 5. Nxe4 d5 6. Bd3 dxe4 7. Bxe4 Bd6 8. Bxc6+ bxc6 9. Qe2 O-O 10. O-O Re8 11. d3 Bg4 12. h3 Bh5 13. Qe3 Qd7 14. Nd2 f5 15. f3 Qe7 16. Kh1 Qh4 17. Qf2 Qf6 18. Nc4 Be7 19. Be3 a5 20. Bc5 Bxc5 21. Qxc5 Re6 22. Rae1 Qg5 23. Rxe5 Rxe5 24. Nxe5 Re8 25. f4 Qg3 26. Qxc6 h6 27. Qxc7 Qe3 28. Qc4+ Kh7 29. Qc3 Be2 30. Qe1 Rc8 31. c3 Rb8 32. b3 Rc8 33. c4 a4 34. Rf2 axb3 35. Rxe2 Qb6 36. Rb2 Qd4 37. Rxb3 Qxf4 38. Rb5 Re8 39. a4 Qd4 40. Qg3 Qd6 41. a5 f4 42. Qxf4 Rf8 43. Qe4+ Kg8 44. Qd5+ Qxd5 45. cxd5 Rf5 46. d6 Rf8 47. d7 Rd8 48. Rc5 Kh7 49. Rc8 Rxc8 50. dxc8=Q g5 51. Qd7+ Kg8 52. Qf7+ Kh8 53. Ng6# 1-0

[Event "Mistrzostwa Polski Juniorek Młodszych "]
[Site "Suwałki, Poland"]
[Date "2025.04.24"]
[Round "1.14"]
[White "Orlowska, Aleksandra"]
[Black "Klincewicz, Katarzyna"]
[Result "1/2-1/2"]
[WhiteElo "1466"]
[BlackElo "1587"]
[PlyCount "65"]
[EventDate "2025.??.??"]

1. e4 c5 2. Nf3 e6 3. d4 cxd4 4. Nxd4 Nf6 5. Bg5 Be7 6. Bd3 d6 7. Nc3 a6 8. O-O Bd7 9. Re1 Nc6 10. Nf3 b5 11. a3 h6 12. Bd2 Rc8 13. e5 dxe5 14. Nxe5 Nxe5 15. Rxe5 Qc7 16. Re3 h5 17. Rh3 Rg8 18. Bg5 Qc5 19. Qd2 Bc6 20. Qe3 Qd6 21. Bf4 Qd7 22. Qe5 g6 23. Be2 Rd8 24. Rd3 Qc8 25. Rxd8+ Qxd8 26. Rd1 Qc8 27. Bg5 Nd7 28. Qe3 Qb7 29. Bxe7 Kxe7 30. Qg3 Qb8 31. Qh4+ f6 32. Qb4+ Kf7 33. Ne4 1/2-1/2

[Event "Mistrzostwa Polski Juniorek Młodszych "]
[Site "Suwałki, Poland"]
[Date "2025.04.24"]
[Round "1.15"]
[White "Krotava, Palina"]
[Black "Magalska, Marcelina"]
[Result "1-0"]
[WhiteElo "1562"]
[BlackElo "1458"]
[PlyCount "47"]
[EventDate "2025.??.??"]

1. e4 c5 2. Bc4 e6 3. d3 Nc6 4. f4 d6 5. Nf3 Nge7 6. O-O d5 7. exd5 exd5 8. Bb3 Ng6 9. Nc3 d4 10. Ne4 Be7 11. Nfg5 O-O 12. f5 Nge5 13. Qh5 h6 14. Nh3 Nd7 15. Rf3 Nf6 16. Nxf6+ Bxf6 17. Bxh6 gxh6 18. Qg6+ Kh8 19. Qxh6+ Kg8 20. Rg3+ Bg5 21. Rxg5+ Qxg5 22. Qxg5+ Kh7 23. f6 Rg8 24. Qh5# 1-0

[Event "Mistrzostwa Polski Juniorek Młodszych "]
[Site "Suwałki, Poland"]
[Date "2025.04.24"]
[Round "1.16"]
[White "Lesiak, Katarzyna"]
[Black "Dabkowska, Michalina"]
[Result "0-1"]
[WhiteElo "1458"]
[BlackElo "1561"]
[PlyCount "98"]
[EventDate "2025.??.??"]

1. c4 e6 2. Nc3 d5 3. e3 Nf6 4. Nf3 c6 5. d4 Bd6 6. Be2 Nbd7 7. O-O O-O 8. Re1 Qc7 9. c5 Be7 10. Bd3 b6 11. cxb6 axb6 12. a3 Ba6 13. Bc2 c5 14. dxc5 bxc5 15. e4 d4 16. Ne2 e5 17. Ng3 c4 18. Nf5 Bc5 19. N3h4 d3 20. Bb1 g6 21. Nh6+ Kh8 22. Qf3 Qd6 23. Bg5 Bb7 24. Ng4 Nxg4 25. Qxg4 Bc6 26. Qf3 Ba4 27. Ba2 d2 28. Rf1 d1=Q 29. Rc1 Qxf1+ 30. Rxf1 Bd1 31. Rxd1 Qc6 32. Bxc4 Ra7 33. Rxd7 Rxd7 34. h3 Be7 35. Bd5 Qd6 36. Bh6 Bxh4 37. g3 Be7 38. Bxf7 Qd1+ 39. Qxd1 Rxd1+ 40. Kg2 Rxf7 41. b4 g5 42. b5 Rd6 43. a4 Rxh6 44. a5 Rhf6 45. h4 Rxf2+ 46. Kh3 gxh4 47. b6 Rg7 48. gxh4 Rfg2 49. b7 R7g3# 0-1

[Event "Mistrzostwa Polski Juniorek Młodszych "]
[Site "Suwałki, Poland"]
[Date "2025.04.24"]
[Round "1.17"]
[White "Kasprzyszyn, Karolina"]
[Black "Dybowska, Elena"]
[Result "1-0"]
[WhiteElo "1561"]
[BlackElo "1442"]
[PlyCount "89"]
[EventDate "2025.??.??"]

1. e4 c5 2. Nf3 Nc6 3. g3 g6 4. Bg2 Bg7 5. O-O e6 6. Qe2 Nf6 7. Rd1 O-O 8. d4 cxd4 9. Nxd4 d5 10. exd5 Nxd5 11. Nf3 Qb6 12. c3 a5 13. Na3 Qa6 14. Qe1 b5 15. Nc2 b4 16. cxb4 Ncxb4 17. Ncd4 e5 18. Nxe5 Re8 19. f4 f6 20. a3 fxe5 21. axb4 Bb7 22. Nb3 exf4 23. Qf2 Nxb4 24. Rxa5 Re2 25. Rxa6 Rxf2 26. Rxa8+ Bxa8 27. Kxf2 Bxg2 28. Kxg2 fxg3 29. hxg3 Nc6 30. Nc5 Ne5 31. b4 h5 32. b5 Kf8 33. b6 Ke7 34. b7 Nc6 35. Bf4 Bd4 36. Rxd4 Nxd4 37. b8=Q Nf5 38. Bg5+ Kf7 39. Qc7+ Kf8 40. Ne4 Ke8 41. Nf6+ Kf8 42. Nd7+ Kf7 43. Qc4+ Ke8 44. Qe6+ Ne7 45. Qxe7# 1-0

[Event "Mistrzostwa Polski Juniorek Młodszych "]
[Site "Suwałki, Poland"]
[Date "2025.04.24"]
[Round "1.18"]
[White "Delikat, Zofia"]
[Black "Babicz, Hanna"]
[Result "0-1"]
[WhiteElo "1409"]
[BlackElo "1560"]
[PlyCount "46"]
[EventDate "2025.??.??"]

1. e4 e5 2. Nc3 Nf6 3. f4 Nc6 4. Nf3 exf4 5. d4 d5 6. e5 Ne4 7. Bxf4 Bb4 8. Qd3 Bf5 9. a3 Bxc3+ 10. bxc3 Ng3 11. Qd2 Nxh1 12. Bb5 Bg4 13. Ke2 O-O 14. Bxc6 bxc6 15. Rxh1 f6 16. exf6 Qxf6 17. g3 g5 18. Rg1 Rae8+ 19. Kf2 Bxf3 20. Kxf3 Kh8 21. Kg2 gxf4 22. Rf1 f3+ 23. Kh3 Re4 0-1

[Event "Mistrzostwa Polski Juniorek Młodszych "]
[Site "Suwałki, Poland"]
[Date "2025.04.24"]
[Round "1.19"]
[White "Oberc, Patrycja"]
[Black "Romanska, Rozalia"]
[Result "0-1"]
[WhiteElo "1556"]
[BlackElo "1401"]
[PlyCount "112"]
[EventDate "2025.??.??"]

1. e4 c5 2. Nf3 d6 3. d4 cxd4 4. Nxd4 Nf6 5. Nc3 g6 6. Be2 Bg7 7. Be3 Nc6 8. O-O O-O 9. Qd2 Bd7 10. Rad1 Rc8 11. f4 Ng4 12. Bxg4 Bxg4 13. Rde1 Bd7 14. f5 Ne5 15. b3 Ng4 16. Nd5 Nxe3 17. Nxe3 Qb6 18. Rd1 Bc6 19. Nxc6 Rxc6 20. Kh1 Rfc8 21. Nd5 Qd8 22. Qg5 Bf6 23. Nxf6+ exf6 24. Qg3 Qe7 25. Rfe1 Rxc2 26. Qxd6 Qxd6 27. Rxd6 Rxa2 28. Rxf6 Rcc2 29. fxg6 hxg6 30. Rg1 Rf2 31. Rd6 Rad2 32. Rxd2 Rxd2 33. h3 Rb2 34. Ra1 a6 35. Ra3 Kf8 36. Kg1 Ke7 37. Ra4 Rxb3 38. Kf2 Rb5 39. Ke3 a5 40. g4 b6 41. h4 Ke6 42. Kf4 Rb4 43. Ra3 a4 44. h5 gxh5 45. gxh5 b5 46. h6 Rc4 47. h7 Rc8 48. Rh3 Rh8 49. Kg5 b4 50. Kh6 b3 51. Rg3 b2 52. Rg8 Rxh7+ 53. Kxh7 b1=Q 54. Re8+ Kd7 55. Rf8 Qxe4+ 56. Kh6 Qg6# 0-1